| 000 | 00463nam a2200157 i 4500 | ||
|---|---|---|---|
| 001 | 50018 | ||
| 003 | ES-MaACL | ||
| 007 | t| | ||
| 008 | 030728s1972 sp ||||1| spa d | ||
| 100 | 1 |
_aCriado de Val, Manuel. _941605 |
|
| 245 | 1 | 0 |
_aFisonomía del español y de las lenguas modernas / _cM. Criado de Val. |
| 260 |
_aMadrid : _bS.A.E.T.A., _c1972. |
||
| 300 |
_a328 p. ; _c25 cm. |
||
| 852 |
_aES-MaACL _jE-7496 _bR.91775 |
||
| 852 |
_aES-MaACL _jE-7604 _bR.92043 |
||
| 999 |
_c50018 _d50018 |
||